Southville International School and Colleges
Your cart is empty.
  • Cart
  • Lists
    Public lists list_1 View all
    Your lists Log in to create your own lists
  • Log in to your account
  • Your cookies
  • Search history
Southville International School and Colleges
  • Advanced search
  • Recent comments
  • Most popular
  • Libraries

Log in to your account

Log in with GOOGLE


If you do not have an external account, but do have a local account, you can still log in:

  1. Home
  2. MARC view: Peter Pan /
Normal view MARC view ISBD view

Peter Pan / (Record no. 104177)

[ view plain ]
MARC details
000 -LEADER
fixed length control field 00513nam a2200169 a 4500
005 - DATE AND TIME OF LATEST TRANSACTION
control field 20140412111315.0
008 - FIXED-LENGTH DATA ELEMENTS--GENERAL INFORMATION
fixed length control field 001208s19uu xx 00 eng d
020 ## - INTERNATIONAL STANDARD BOOK NUMBER
International Standard Book Number 0-307-00104-0
050 ## - LIBRARY OF CONGRESS CALL NUMBER
Classification number ER
Item number Pe31 1997
100 ## - MAIN ENTRY--PERSONAL NAME
Personal name Coco, Eugene Bradley
245 ## - TITLE STATEMENT
Title Peter Pan /
Statement of responsibility, etc adapted by Eugene Bradley Coco ; illustrated by Ron Dias.
260 ## - PUBLICATION, DISTRIBUTION, ETC. (IMPRINT)
Place of publication, distribution, etc New York :
Name of publisher, distributor, etc A Golden Book,
Date of publication, distribution, etc 1997.
300 ## - PHYSICAL DESCRIPTION
Extent 1 v. (unp.) ; ill.
440 ## - SERIES STATEMENT/ADDED ENTRY--TITLE
Title Walt Disney's Series
650 ## - SUBJECT ADDED ENTRY--TOPICAL TERM
Topical term or geographic name as entry element Children's stories -- Fiction
Holdings
Withdrawn status Lost status Damaged status Use restrictions Home library Current library Shelving location Date acquired Source of acquisition Total Checkouts Full call number Barcode Date last seen Price effective from Koha item type
        Elizalde Library Elizalde Library Easy Reading Section 12/08/2000     ER Pe31 1997 E6877 04/12/2014 04/12/2014 Books

Peter Pan /

APA

Coco E. B., . (1997). Peter Pan. New York: A Golden Book.

Chicago

Coco Eugene Bradley, . 1997. Peter Pan. New York: A Golden Book.

Harvard

Coco E. B., . (1997). Peter Pan. New York: A Golden Book.

MLA

Coco Eugene Bradley, . Peter Pan. New York: A Golden Book. 1997.

  • Place hold
  • Print
  • Cite
  • Add to your cart (remove)
  • Save record
    BIBTEX Dublin Core MARCXML MARC (non-Unicode/MARC-8) MARC (Unicode/UTF-8) MARC (Unicode/UTF-8, Standard) MODS (XML) RIS
  • More searches
    Search for this title in:
    Other Libraries (WorldCat) Other Databases (Google Scholar) Online Stores (Bookfinder.com) Open Library (openlibrary.org)

Exporting to Dublin Core...

SOUTHVILLE LIBRARY

Southville International School and Colleges Library

1281 Tropical Ave. Cor. Luxembourg St., BF Homes International, Las Pinas City

Tel. No. 8256374 / 252358 Loc. 117/146

Powered by Koha